000
00305nam a2200121Ia 4500
008
250327s9999 xx 000 0 und d
020
_a
9781412972123
082
_b
PAT
_a
CQR
100
_a
PATTON,MICHAEL QUINN
_9
34491
245
0
_a
QUALITATIVE RESEARCH and EVALUATION METHODS
260
_b
SAGE
942
_c
BK
999
_c
7285
_d
7285